Districts de Hong Kong sur une carte - Statistiques

Statistiques générales
  • Ce quiz a été pris 67 fois
  • Le résultat moyen est 4 sur 18
Réponses sur la Carte
Les réponses sont colorées sur une échelle allant du rouge au vert en fonction du pourcentage des utilisateurs qui les ont devinées à leur premier essai. Vous pouvez retrouver ces pourcentages ci-dessous.
 
Statistiques - réponses
Réponse Population (2006) % Correct
Kowloon City 418 732
78%
Eastern (Est) 555 034
37%
North (Nord) 315 270
35%
Southern (Sud) 274 994
30%
Islands (Îles) 156 801
26%
Wan Chai 180 123
24%
Tsuen Wan 318 916
20%
Sha Tin 659 794
17%
Sai Kung 461 864
15%
Sham Shui Po 405 869
15%
Tuen Mun 489 299
15%
Kwun Tong 648 541
13%
Tai Po 303 926
13%
Yau Tsim Mong 342 970
13%
Kwai Tsing 520 572
11%
Central and Western (Centre et Ouest) 243 266
9%
Wong Tai Sin 425 235
9%
Yuen Long 614 178
9%
Aucun quiz correspondant
Distribution des résultats
% des personnes avec chaque résultat
Percentile par nombre de réponses
Votre historique - résultats
Vous n’avez pas pris ce quiz